000 00525pab a2200181 454500
008 180718b2009 xxu||||| |||| 00| 0 eng d
100 _aBhattarai, Ram Chandra
245 _aDynamic relationship among the stock market and the macroeconomic factors: evidence from Nepal
260 _c2009
300 _ap.451-69.
362 _aJul-Dec
650 _aFinancial markets - Nepal
650 _aFinancial markets
700 _aJoshi, Nayan Krishna
773 _aSouth Asia Economic Journal
908 _aN
909 _a86282
999 _c86282
_d86282